Faculty of Law Library — Cairo University

Official Online Catalog

الإرهاب والعقاب : (Record no. 56944)

MARC details
000 -LEADER
fixed length control field 01493nam a2200361 i 4500
003 - CONTROL NUMBER IDENTIFIER
control field EG-GICUC
005 - DATE AND TIME OF LATEST TRANSACTION
control field 20260121101725.0
008 - FIXED-LENGTH DATA ELEMENTS--GENERAL INFORMATION
fixed length control field 260113s1993 ua ||||fr|||| 00| 0 ara d
017 ## - COPYRIGHT OR LEGAL DEPOSIT NUMBER
Copyright or legal deposit number 93/2901
020 ## - INTERNATIONAL STANDARD BOOK NUMBER
International Standard Book Number 9770049425
040 ## - CATALOGING SOURCE
Original cataloging agency EG-GICUC
Language of cataloging ara
Transcribing agency EG-GICUC
Modifying agency EG-GICUC
Description conventions rda
041 0# - LANGUAGE CODE
Language code of text/sound track or separate title ara
082 04 - DEWEY DECIMAL CLASSIFICATION NUMBER
Classification number 343.431
Item number م ح . إ
Edition number 21
092 04 - LOCALLY ASSIGNED DEWEY CALL NUMBER (OCLC)
Edition number 21
099 ## - LOCAL FREE-TEXT CALL NUMBER (OCLC)
Classification number Law1 10 343.431 م ح . إ ed 1 - 1993 1006801
100 0# - MAIN ENTRY--PERSONAL NAME
Personal name محمود صالح العدلي.
Relator term مؤلف.
245 12 - TITLE STATEMENT
Title الإرهاب والعقاب :
Remainder of title شرح القانون الجنائي للإرهاب - طبقا للقانون رقم 97 لسنة 1992م /
Statement of responsibility, etc. تأليف الدكتور محمود صالح العدلي.
250 ## - EDITION STATEMENT
Edition statement الطبعة الأولى،
264 #1 - PRODUCTION, PUBLICATION, DISTRIBUTION, MANUFACTURE, AND COPYRIGHT NOTICE
Place of production, publication, distribution, manufacture القاهرة :
Name of producer, publisher, distributor, manufacturer دار النهضة العربية،
Date of production, publication, distribution, manufacture, or copyright notice 1993.
300 ## - PHYSICAL DESCRIPTION
Extent 407 صفحة ؛
Dimensions 24 سم.
336 ## - CONTENT TYPE
Source rda content
Content type term text
337 ## - MEDIA TYPE
Source rda media
Media type term Computer
338 ## - CARRIER TYPE
Source rda carrier
Carrier type term Online Resource
500 ## - GENERAL NOTE
General note ملحق بالكتاب نصوص تجريم الإرهاب وما يتصل به والمذكرة الإيضاحية لها.
504 ## - BIBLIOGRAPHY, ETC. NOTE
Bibliography, etc. note يشتمل على ارجاعات ببليوجرافية.
546 ## - LANGUAGE NOTE
Language note النص باللغة العربية
650 14 - SUBJECT ADDED ENTRY--TOPICAL TERM
Topical term or geographic name entry element التشريع الخاص بالإرهاب.
Source of heading or term qrmak
650 14 - SUBJECT ADDED ENTRY--TOPICAL TERM
Topical term or geographic name entry element القانون الجنائي.
Source of heading or term qrmak
651 1# - SUBJECT ADDED ENTRY--GEOGRAPHIC NAME
Source of heading or term qrmak
856 40 - ELECTRONIC LOCATION AND ACCESS
Uniform Resource Identifier <a href="https://fll.law.cu.edu.eg/fulltext/bks/B10-06801.pdf">https://fll.law.cu.edu.eg/fulltext/bks/B10-06801.pdf</a>
905 ## - Cataloger and Reviser Names
Cataloger Name: Ramy
942 ## - ADDED ENTRY ELEMENTS (KOHA)
Source of classification or shelving scheme Dewey Decimal Classification
Koha item type Books
Edition 21
Suppress in OPAC No
Holdings
Withdrawn status Lost status Source of classification or shelving scheme Damaged status Not for loan Collection Home library Current library Date acquired Total checkouts Full call number Barcode Date last seen Copy number Price effective from Koha item type
    Dewey Decimal Classification   Not for loan القانون الجنائي جــــامعة القــاهرة مكتبة كلية الحقوق - المبنى الرئيسي 13.01.2026   Law1 10 343.431 م ح . إ ed 1 - 1993 1006801 C1 B10-06801 13.01.2026 1 13.01.2026 Books
    Dewey Decimal Classification     القانون الجنائي جــــامعة القــاهرة مكتبة كلية الحقوق - المبنى الرئيسي 13.01.2026   Law1 10 343.431 م ح . إ ed 1 - 1993 1006802 C2 B10-06802 13.01.2026 2 13.01.2026 Books
    Dewey Decimal Classification     القانون الجنائي جــــامعة القــاهرة مكتبة كلية الحقوق - فـرع الشيخ زايد 11.02.2026   Law2 10 343.431 م ح . إ 1 ed - 1993 1006231 C3 B10-06231 11.02.2026 3 11.02.2026 Books

© All rights reserved — Faculty of Law, Cairo University